'AC' Words Quiz Stats

 Plays Quiz Updated Oct 31, 2017

Challenge
Share
Tweet
Embed
Score 0/30 Timer 06:00
1 Play Today
Pattern AC Word % Correct
_ _ A C _quack
97.7%
A C _ _ _achoo
96.6%
_ A C _ _ _cactus
93.3%
_ A C _ _ _ _ _bachelor
88.8%
_ A C _ _cacao
87.5%
_ _ _ A C _ _tobacco
85.4%
_ _ _ _ _ _ _ A Cinsomniac
84.4%
_ _ _ A C _ _ _ _parachute
83.7%
_ _ A C _ _ _ _ _guacamole
83.1%
_ _ A C _ _abacus
81.9%
_ _ _ _ _ A Calmanac
80.9%
_ _ A C _ _ _placebo
78.6%
_ _ _ _ A C _ _tentacle
78%
_ _ _ _ A CZodiac
76.8%
A C _ _ _ _ _ _accident
71.5%
Pattern AC Word % Correct
_ _ _ _ _ _ A CCadillac
70.9%
A C _ _ _ _ _acronym
67.2%
_ _ _ A CIsaac
64.7%
_ _ _ A C _Monaco
64.6%
A C _ _ _ _ _ _ _Acropolis
64%
_ _ _ _ A C _contact
61.9%
_ A C _ _ _ _ _ _dachshund
61.9%
_ A C _ _ _ _Macbeth
61%
_ _ _ _ A C _ _ _barracuda
55.9%
A C _ _ _ _across
50.4%
_ _ _ A C _ _ _Syracuse
43.6%
_ _ _ _ _ A C _humpback
39.6%
_ _ _ _ _ A C _ _Fibonacci
37%
_ _ _ _ _ _ A C _Diplomacy
18.3%
_ _ A C _ _ _ _Blackmun
13.7%

You're not logged in!

Compare scores with friends on all Sporcle quizzes.
Join for Free
OR
Log In

You Might Also Like...

Show Comments

Extras

Top Quizzes Today


Score Distribution

Your Account Isn't Verified!

In order to create a playlist on Sporcle, you need to verify the email address you used during registration. Go to your Sporcle Settings to finish the process.

Report this User

Report this user for behavior that violates our Community Guidelines.

Details: